000 00821nam a22002297a 4500
001 8597
003 FISKH
005 20251002112752.0
008 251002b cb ||||| |||| 00| 0 eng d
020 _a9788120746824
040 _aFISKH
_beng
_cFISKH
_dFISKH
082 _a372.4
100 _aAnonymous
245 _aMy picture book :
_bEarly learning /
260 _aNew Delhi :
_bSterling,
_c2015.
300 _a14 unnumbered pages :
_bcolor illustrations ;
_c28 cm
505 _aNP
520 _aColours, shapes, the alphabet, flowers toys, wild animals - there's so much to learn in these delightful picture books! So pick up these attractive ready-reference books that promise to make learning an enjoyable nourney for all children!
650 _aPictures Board Book
942 _2ddc
_cBK
_n0
999 _c8597
_d8597